| 000 | 00604cam a2200193 4500 | ||
|---|---|---|---|
| 001 | D1144 | ||
| 008 | 090401t1959 xxu||||| |||| 00| 0 eng d | ||
| 035 | _a(Sirsi) u62679 | ||
| 041 | _aeng | ||
| 050 | _a692.30994 | ||
| 110 |
_aAustralian Institute of Quantity Surveyors _92261 |
||
| 245 | _aAustralian standard method of measurement of building works, published by The Master Builders` Federation of Australia | ||
| 260 |
_aCrows Nest, New South Wales _bThe Institute _c1959 |
||
| 300 | _aiv. 59p. 23cm | ||
| 350 | _a1.5 | ||
| 520 | _aFiled at SMM 1959/1BCDEF | ||
| 942 | _n0 | ||
| 948 | _c04/03/1997 | ||
| 999 |
_c94467 _d94467 |
||